La revision de la convention de Genève: étude historique et critique
Saved in:
| Hovedforfatter: | |
|---|---|
| Format: | Bog |
| Sprog: | fransk |
| Udgivet: |
Ginebra
Comité Internacional de la Cruz Roja
1898
|
| Fag: | |
| Tags: |
Tilføj Tag
Ingen Tags, Vær først til at tagge denne postø!
|
MARC
| LEADER | 00000nam a2200000 a 4500 | ||
|---|---|---|---|
| 001 | UCT9564 | ||
| 003 | CL-VaPUC | ||
| 008 | 970404e18980000SZ |||||||||||||||||fre|d | ||
| 082 | 0 | 4 | |a 341.6 |b MOY |2 21 |
| 100 | |a Moynier, Gustave |e auteur |9 382390 | ||
| 245 | 1 | 3 | |a La revision de la convention de Genève: étude historique et critique |
| 300 | |a 64 p | ||
| 942 | |c BK | ||
| 945 | |d 19970404 00:00:00 |a lriquelm | ||
| 260 | |a Ginebra |b Comité Internacional de la Cruz Roja |c 1898 | ||
| 650 | 7 | |a CONVENCION DE GINEBRA |2 CL-VaPUC |9 382301 | |
| 650 | 0 | |a Guerra |9 255876 | |
| 650 | 7 | |a DERECHO HUMANITARIO |2 CL-VaPUC |9 344325 | |
| 583 | |a last modification |c 20131003 02:14:07 |k Rodrigo Vera | ||
| 999 | |c 257949 |d 257947 | ||
| 952 | |0 0 |1 0 |4 0 |6 341_600000000000000_MOY_1898 |7 0 |8 P |9 281675 |a BIBDER |b BIBDER |d 2019-11-19 |i 1825356 |o 341.6 MOY 1898 |p 1825356 |r 2023-01-25 |w 2019-11-19 |y BK |k DER | ||